000
00315nam a2200133Ia 4500
008
191201s2014 xx 000 0 und d
100
_a
RAMAKRISHNAN, Raghu
245
0
_a
Database Management Systems
250
_a
3rd
260
_a
N. Delhi
_b
TMH
_c
2014
300
_a
1065
650
_a
B.Tech(CSE)
942
_2
ddc
_c
BK
999
_c
4603
_d
4603